| 000 | 01105 a2200193 4500 | ||
|---|---|---|---|
| 003 | NUST | ||
| 005 | 20251118183511.0 | ||
| 040 | _cNust | ||
| 082 | _a621.382,MAL | ||
| 100 |
_aMalik, Capt Masood Akhtar (TCC-13) _9131942 |
||
| 245 |
_aShort message service for military switched networks / _cCapt Masood Akhtar Malik, Capt Umer Dilawar, Capt Muhammad Rizwan Asim and Capt Ahmad Shuja Chaudary |
||
| 260 |
_aRawalpindi _bMCS (NUST) _c2005 |
||
| 300 | _a108 p.; | ||
| 505 | _aFixed Line SMS (PAge-1), Overview (Page-13), Fixed Messaging Gateway General (Page-36), Fixed Messaging Gateway Technical Description (Page-49), Fixed Messaging Gateway PSTN Interface (Page-60), Fixed Messaging Gateway Store and Forward (SF) (Page-630, Fixed Messaging Gateway Site Preparation (Page-68), ETSI ES 201 V 1.1.1 (2001-02) Overview of the Protocol-1 (Page-73), STSI ES 201 912 V 1.1.1 (2001-02) Overview of the Protocol-2) (Page-88), Conclusion (Page-1050, References (Page-106). | ||
| 650 |
_aUG Projects _998716 |
||
| 651 |
_aTCC-13 _9126050 |
||
| 700 |
_aSupervised by Maj Abdul Rauf _9131943 |
||
| 942 |
_cPR _2ddc |
||
| 999 |
_c182464 _d182464 |
||